[Event "CAN-ch Amateur U2100"]
[Site "Kitchener"]
[Date "2010.08.02"]
[Round "6"]
[White "Hendon, Lee"]
[Black "Sakka, Louay"]
[Result "1-0"]
[WhiteElo "1724"]
[BlackElo "1578"]
[PlyCount "62"]
[EventDate "2010.07.30"]
[EventType "swiss"]
[EventRounds "7"]
[EventCountry "CAN"]
[SourceTitle "EXT 2022"]
[Source "ChessBase"]
[SourceDate "2021.10.06"]
[SourceVersion "1"]
[SourceVersionDate "2021.10.06"]
[SourceQuality "1"]

1. e4 d6 2. d4 Nd7 3. c4 c5 4. Nf3 cxd4 5. Nxd4 e5 6. Nf5 g6 7. Nxd6+ Bxd6 8. Qxd6 Qb6 9. Qxb6 axb6 10. Nc3 Ngf6 11. f3 0-0 12. Nd5 b5 13. Nc7 Rb8 14. Nxb5 Nc5 15. Bg5 Kg7 16. b4 Ne6 17. Bxf6+ Kxf6 18. 0-0-0 Rd8 19. Be2 Bd7 20. Nc3 Nd4 21. Nd5+ Kg7 22. Rhe1 Ba4 23. Rd2 Rd6 24. Bd1 Bxd1 25. Rexd1 Rc8 26. c5 b6 27. Ne7 Rc7 28. Kb1 bxc5 29. Nd5 Rb7 30. a3 cxb4 31. axb4 Nc6 1-0